Social imlications of computers in developing countries / (Record no. 123564)

MARC details
000 -LEADER
fixed length control field 00970nam a22002777a 4500
005 - DATE AND TIME OF LATEST TRANSACTION
control field 20170124105927.0
010 ## - LIBRARY OF CONGRESS CONTROL NUMBER
LC control number A-592303
020 ## - INTERNATIONAL STANDARD BOOK NUMBER
Terms of availability 00
035 #h - SYSTEM CONTROL NUMBER
System control number A-592303
037 ## - SOURCE OF ACQUISITION
Source of stock number/acquisition Cen Lib/Ret
040 ## - CATALOGING SOURCE
Original cataloging agency DPL
Language of cataloging EN
082 ## - DEWEY DECIMAL CLASSIFICATION NUMBER
Classification number 303.4834
245 ## - TITLE STATEMENT
Title Social imlications of computers in developing countries /
Statement of responsibility, etc edited by S.C. bhatnagar, Mayuri Odedra
246 ## - VARYING FORM OF TITLE
Remainder of title
260 ## - PUBLICATION, DISTRIBUTION, ETC. (IMPRINT)
Name of publisher, distributor, etc Tata McGraw Hill Publishing Company
Date of publication, distribution, etc 1992
Place of publication, distribution, etc New Delhi
270 ## - ADDRESS
City New Delhi
Address 4/12, asaf ali road
Postal code 110002
300 ## - PHYSICAL DESCRIPTION
Extent viii, 331p.
Dimensions 23cm(Hb)
500 ## - GENERAL NOTE
General note Includes bibliographical references
650 ## - SUBJECT ADDED ENTRY--TOPICAL TERM
Topical term or geographic name as entry element Information technology
9 (RLIN) 6893
650 ## - SUBJECT ADDED ENTRY--TOPICAL TERM
Topical term or geographic name as entry element Socio-economic development
9 (RLIN) 6894
650 ## - SUBJECT ADDED ENTRY--TOPICAL TERM
Topical term or geographic name as entry element सूचना प्रौद्योगिकी
9 (RLIN) 6895
650 ## - SUBJECT ADDED ENTRY--TOPICAL TERM
Topical term or geographic name as entry element सामाजिक-आर्थिक विकास
9 (RLIN) 6896
700 ## - ADDED ENTRY--PERSONAL NAME
Personal name Bhatnagar, S.C.
9 (RLIN) 6879
700 ## - ADDED ENTRY--PERSONAL NAME
Personal name Odedra, Mayuri
9 (RLIN) 6880
942 ## - ADDED ENTRY ELEMENTS (KOHA)
Source of classification or shelving scheme Dewey Decimal Classification
Koha item type English Books
Classification part 303.4834
Call number suffix BHA
Holdings
Withdrawn status Lost status Damaged status Not for loan Home library Current library Date acquired Source of acquisition Cost, normal purchase price Total Checkouts Full call number Barcode Date last seen Copy number Cost, replacement price Price effective from Koha item type Public note
Written off       Central Library Central Library 08/06/2015 Cen Lib/Ret 0.00   303.4834 BHA A-592303 08/06/2015 1 0.00 08/06/2015 English Books W/d list no. 6840/10

© Delhi Public Library
Hit Counter
free hit counter